[Event "AUTO-OPEN-4601"]
[Site "http://www.queenalice.com/game.php?id=1859354"]
[Date "2025.7.3"]
[Round "1"]
[White "Richardlim"]
[Black "rmvwoods"]
[Result "0-1"]
[WhiteElo "1873"]
[BlackElo "2023"]

1. c4 e5 2. Nc3 Nf6 3. g3 Bb4 4. Bg2 O-O 5. e4 Bxc3 6. dxc3 d6 7. Qe2 Be6 8. Bg5
h6 9. h4 Nbd7 10. Be3 Ng4 11. Bd2 f5 12. Bf3 Qf6 13. Nh3 Nb6 14. b3 Qg6 15. exf5
Bxf5 16. Bxb7 Rab8 17. Bg2 Bd3 18. Qd1 e4 19. Nf4 Qf5 20. Bh3 h5 21. Nxd3 exd3
22. Be3 Rbe8 23. O-O Qe4 24. Bxg4 hxg4 25. Qd2 Nd7 26. Rae1 Ne5 27. f3 Nxf3+ 28.
Rxf3 Qxf3 29. Kh2 Re5 30. b4 Rfe8 31. Qxd3 Rxe3 32. Rxe3 Rxe3 33. Qd5+ Qxd5 34.
cxd5 Rxc3 35. a4 Ra3 36. a5 Ra4 37. Kg2 Rxb4 38. Kf2 Rb5 39. Ke3 Rxd5 40. Kf4
Re5 41. Kxg4 c5 42. a6 c4 43. Kf4 c3 44. g4 c2 45. g5 c1=Q+ 46. Kg4 Qd1+ 47. Kf4
Qd4+ 48. Kf3 Re3+ 0-1

[Event "AUTO-OPEN-4601"]
[Site "http://www.queenalice.com/game.php?id=1859355"]
[Date "2025.7.3"]
[Round "1"]
[White "rmvwoods"]
[Black "Richardlim"]
[Result "1-0"]
[WhiteElo "2058"]
[BlackElo "1887"]

1. e4 c5 2. c3 Nc6 3. d4 e6 4. Nf3 d5 5. exd5 Qxd5 6. Na3 Qd8 7. Nc2 cxd4 8.
Ncxd4 Bd7 9. Be2 Be7 10. O-O Nf6 11. Bf4 h6 12. Qb3 Qb6 13. Qxb6 axb6 14. a3 g5
15. Bc7 g4 16. Ne5 Nxd4 17. cxd4 h5 18. Bxb6 Nd5 19. Nxd7 Kxd7 20. Bc5 f5 21.
Bb5+ Kd8 22. Rfe1 Rh6 23. a4 h4 24. f4 Bxc5 25. dxc5 Nxf4 26. Rad1+ Nd5 27. Bc4
Rxa4 28. Bxd5 exd5 29. Rxd5+ Kc7 30. Rxf5 Rb4 31. Rb1 h3 32. Rg5 hxg2 33. Kxg2
Rh3 34. Re5 Kc6 35. Rg5 b6 36. cxb6 Kxb6 37. Rxg4 Rxg4+ 38. Kxh3 Rg8 39. Rc1 Kb5
40. Rc3 Kb4 41. Rg3 Rh8+ 42. Kg2 Rd8 43. b3 Rd2+ 44. Kh3 Rd8 45. Kg4 Rh8 46. h4
Rg8+ 47. Kf4 Rh8 48. Rh3 Rf8+ 49. Ke5 Kc5 50. h5 Re8+ 51. Kf6 Kd5 52. h6 Re6+
53. Kf7 Ra6 54. h7 Ke5 55. h8=Q+ 1-0

[Event "AUTO-ADV-4874"]
[Site "http://www.queenalice.com/game.php?id=1859565"]
[Date "2025.7.8"]
[Round "1"]
[White "Kn1ght1962"]
[Black "Richardlim"]
[Result "1-0"]
[WhiteElo "1637"]
[BlackElo "1878"]

1. e4 c5 2. Nf3 d6 3. h3 e5 4. c4 Nf6 5. Nc3 g6 6. Nd5 Nxe4 7. d3 Nf6 8. Bg5 Bg7
9. Qa4+ Bd7 10. Qb3 Bc6 11. Be2 Bxd5 12. cxd5 b6 13. Qb5+ Qd7 14. Qb3 O-O 15.
Bd2 Qb7 16. O-O Qxd5 17. Qb5 Qc6 18. Qc4 b5 19. Qh4 Re8 20. Rfe1 Nbd7 21. Ng5
Nf8 22. Bf3 d5 23. Rac1 h6 24. Nxf7 Kxf7 25. b4 N8d7 26. Bxh6 Rh8 27. bxc5 Rxh6
28. Qb4 a6 29. Qb3 Nh5 30. Bxd5+ Qxd5 31. Qxd5+ Ke7 32. Qxa8 Nf4 33. Qc6 Nxd3
34. Qd6+ Ke8 35. Qxd3 Bf6 36. c6 Nb6 37. c7 g5 38. c8=Q+ Nxc8 39. Rxc8+ Kf7 40.
Qf5 b4 41. Rxe5 Rh4 42. Rc7+ 1-0

[Event "AUTO-ADV-4874"]
[Site "http://www.queenalice.com/game.php?id=1859566"]
[Date "2025.7.8"]
[Round "1"]
[White "Richardlim"]
[Black "Kn1ght1962"]
[Result "1-0"]
[WhiteElo "1864"]
[BlackElo "1690"]

1. c4 c5 2. Nc3 e6 3. g3 d6 4. Bg2 Nf6 5. Nf3 h6 6. e3 Nc6 7. b3 a6 8. O-O Be7
9. Bb2 Bd7 10. d4 cxd4 11. exd4 d5 12. c5 Qc7 13. a3 O-O 14. Qd2 Rad8 15. b4
Rfe8 16. Na4 Ne4 17. Qc2 Bf6 18. Nb6 e5 19. Nxd5 Qc8 20. Qxe4 exd4 21. Nxf6+
gxf6 22. Qd3 Ne5 23. Nxe5 fxe5 24. Rae1 Kf8 25. Qh7 Re6 26. Bd5 Rf6 27. Rxe5 Be6
28. Bxe6 Rxe6 29. Rxe6 Qxe6 30. Qd3 Qg4 31. Rd1 Rd5 32. Bxd4 h5 33. Bg7+ Qxg7
34. Qxd5 Qg6 35. Qd6+ Kg7 36. Qxg6+ Kxg6 37. Rd7 1-0

[Event "AUTO-ADV-4874"]
[Site "http://www.queenalice.com/game.php?id=1859579"]
[Date "2025.7.8"]
[Round "1"]
[White "marno"]
[Black "Richardlim"]
[Result "0-1"]
[WhiteElo "1898"]
[BlackElo "1820"]

1. e4 c5 2. Be2 Nc6 3. d3 Nf6 4. f4 d6 5. Nf3 g6 6. O-O Bg7 7. Qe1 O-O 8. Qh4
Bg4 9. c3 Bxf3 10. Rxf3 e6 11. Rh3 e5 12. f5 Nh5 13. Qxd8 Raxd8 14. Bxh5 gxh5
15. Rxh5 f6 16. Be3 b6 17. Nd2 d5 18. Nf3 d4 19. cxd4 cxd4 20. Bd2 Nb8 21. Bb4
Rf7 22. Nd2 Nc6 23. Ba3 h6 24. Rh3 Kh7 25. Rc1 Nb8 26. Rh5 Na6 27. Nf3 Rc7 28.
b3 Rxc1+ 29. Bxc1 Nb4 30. Rh3 Nxa2 0-1

[Event "AUTO-ADV-4874"]
[Site "http://www.queenalice.com/game.php?id=1859580"]
[Date "2025.7.8"]
[Round "1"]
[White "Richardlim"]
[Black "marno"]
[Result "1-0"]
[WhiteElo "1839"]
[BlackElo "1879"]

1. c4 e6 2. Nf3 f5 3. g3 Nf6 4. Bg2 d6 5. O-O g6 6. d3 Nbd7 7. Qb3 Bg7 8. Bg5 h6
9. Bxf6 Nxf6 10. Nh4 Kf7 11. a4 g5 12. Nf3 Rb8 13. e4 fxe4 14. Nfd2 d5 15. dxe4
c6 16. e5 Nd7 17. f4 Ke7 18. cxd5 Qb6+ 19. Qxb6 Nxb6 20. d6+ Kd8 21. Nc3 gxf4
22. gxf4 h5 23. Nce4 Bd7 24. Ng5 Ke8 25. Bh3 Rg8 26. Kf2 Bxe5 27. fxe5 Rxg5 28.
Nf3 Rg8 29. Rg1 Rh8 30. Rg2 Nd5 31. b3 Nf4 32. Rg3 1-0

[Event "Challenge"]
[Site "http://www.queenalice.com/game.php?id=1862741"]
[Date "2025.9.9"]
[Round "-"]
[White "fbenevides2019"]
[Black "Richardlim"]
[Result "0-1"]
[WhiteElo "1855"]
[BlackElo "1848"]

1. d4 Nf6 2. Nf3 g6 3. Nc3 d5 4. h3 Bg7 5. e3 O-O 6. Bd3 a6 7. O-O b5 8. b4 Nc6
9. a3 Re8 10. Re1 e5 11. dxe5 Nxe5 12. Nxe5 Rxe5 13. e4 d4 14. Bf4 Re7 15. Nb1
Re8 16. Nd2 Bb7 17. Bg5 Qd7 18. Qf3 Qc6 19. Nb3 Nxe4 20. Bxe4 Rxe4 21. Qxe4 Qxe4
22. Rxe4 Bxe4 23. Rc1 Rc8 24. Nd2 Bf5 25. g4 Be6 26. Ne4 Bd5 27. Nc5 Ra8 28. Bf4
Ra7 29. Re1 h6 30. g5 hxg5 31. Bxg5 a5 32. bxa5 Rxa5 33. Bc1 c6 34. Kh2 Bf8 35.
Nd3 Bxa3 36. Bd2 Bd6+ 37. Kg1 Ra2 38. Bb4 Bf8 39. Re8 Ra1+ 40. Kh2 Rh1+ 41. Kg3
Rg1+ 42. Kh4 g5+ 43. Kh5 Bf3# 0-1

[Event "Challenge"]
[Site "http://www.queenalice.com/game.php?id=1862742"]
[Date "2025.9.9"]
[Round "-"]
[White "Richardlim"]
[Black "fbenevides2019"]
[Result "1-0"]
[WhiteElo "1863"]
[BlackElo "1827"]

1. c4 e5 2. Nc3 c6 3. g3 Bc5 4. Bg2 Nf6 5. Nf3 Bd6 6. O-O O-O 7. d3 h6 8. b3 Qa5
9. Bb2 Bb4 10. Qc2 Qb6 11. Nxe5 d6 12. Nf3 Bg4 13. Na4 Qc7 14. Bxf6 gxf6 15. Nc3
Bxf3 16. Bxf3 Qe7 17. Nd1 Qe5 18. Ne3 Ba5 19. a3 Bb6 20. Qc1 Bxe3 21. fxe3 Nd7
22. b4 a6 23. Bg4 Rad8 24. Rf5 Qe7 25. e4 Kg7 26. Rh5 Rh8 27. Qb2 Ne5 28. Bf5
Nd7 29. Rf1 Kf8 30. Bxd7 Rxd7 31. Rxf6 Rh7 32. Rfxh6 Rxh6 33. Rxh6 Qe5 34. Qxe5
dxe5 35. c5 Ke7 36. Kf2 Rd4 37. Rh8 Rd7 38. Rg8 Ke6 39. h4 f6 40. g4 Kf7 41. Rb8
Kg7 42. Kg3 Rf7 43. h5 Kh7 44. Rd8 Kh6 45. e3 Kg7 46. d4 exd4 47. exd4 Re7 48.
Kf4 Kh7 49. d5 cxd5 50. Rxd5 Kh6 51. Rd6 Kg7 52. c6 bxc6 53. Rxc6 Ra7 54. Kf5
1-0

[Event "Challenge"]
[Site "http://www.queenalice.com/game.php?id=1862786"]
[Date "2025.9.9"]
[Round "-"]
[White "Richardlim"]
[Black "wj64"]
[Result "1-0"]
[WhiteElo "1864"]
[BlackElo "1692"]

1. c4 Nf6 2. Nc3 c6 3. e4 e5 4. Nf3 d6 5. Be2 Be6 6. O-O Na6 7. a3 h6 8. d4 Bg4
9. dxe5 Nh5 10. exd6 Bxd6 11. b4 b5 12. cxb5 Nb8 13. bxc6 Nxc6 14. Bb5 Rc8 15.
Bxc6+ Rxc6 16. Nb5 Bc7 17. Qxd8+ Bxd8 18. Ne5 Rb6 19. Nxg4 Rxb5 20. Be3 a6 21.
Bc5 Rb7 22. g3 Be7 23. Bxe7 Rxe7 24. e5 O-O 25. Kg2 f5 26. exf6 Nxf6 27. Nxf6+
Rxf6 28. Rfe1 Ref7 29. Re2 g5 30. Raa2 Kg7 31. h3 Kg6 32. Rab2 Rd6 33. Rb3 Rb7
34. a4 Kg7 35. Reb2 Rd4 36. a5 Kg6 37. b5 Ra4 38. bxa6 Ra7 39. Rb6+ Kh5 40. g4+
Rxg4+ 41. hxg4+ Kxg4 42. Rxh6 1-0

[Event "Challenge"]
[Site "http://www.queenalice.com/game.php?id=1862787"]
[Date "2025.9.9"]
[Round "-"]
[White "wj64"]
[Black "Richardlim"]
[Result "0-1"]
[WhiteElo "1701"]
[BlackElo "1878"]

1. c4 Nf6 2. Nc3 g6 3. e3 Bg7 4. d4 O-O 5. Nge2 c6 6. c5 b6 7. b4 bxc5 8. bxc5
d6 9. cxd6 exd6 10. Ba3 Bg4 11. Qd3 Bf5 12. Qd2 Re8 13. f3 d5 14. g4 Bc8 15. g5
Nfd7 16. h4 Nb6 17. Bc5 Nc4 18. Qc1 Nxe3 19. Bh3 Bxh3 20. Rxh3 Na6 21. Na4 Qa5+
22. Nac3 Nxc5 23. dxc5 Qxc5 24. Rb1 Ng2+ 25. Kf1 Ne3+ 26. Ke1 Nc4 27. Na4 Qg1#
0-1

[Event "AUTO-OPEN-4619"]
[Site "http://www.queenalice.com/game.php?id=1864192"]
[Date "2025.10.13"]
[Round "1"]
[White "Fredo"]
[Black "Richardlim"]
[Result "1-0"]
[WhiteElo "2115"]
[BlackElo "1840"]

1. d4 Nf6 2. c4 g6 3. Nf3 Bg7 4. g3 O-O 5. Bg2 d6 6. O-O Nc6 7. Nc3 a6 8. a3 Bd7
9. e4 Bg4 10. Re1 Ne8 11. Qd3 Bxf3 12. Bxf3 1-0

[Event "AUTO-OPEN-4619"]
[Site "http://www.queenalice.com/game.php?id=1864193"]
[Date "2025.10.13"]
[Round "1"]
[White "Richardlim"]
[Black "Fredo"]
[Result "0-1"]
[WhiteElo "1835"]
[BlackElo "2119"]

1. c4 c5 2. Nc3 Nf6 3. g3 Nc6 4. Bg2 g6 5. Nf3 Bg7 6. O-O O-O 7. d4 cxd4 8. Nxd4
a6 9. Nf3 d6 10. Bd2 Be6 11. b3 Ng4 12. Rc1 Rc8 0-1

[Event "AUTO-OPEN-4619"]
[Site "http://www.queenalice.com/game.php?id=1864216"]
[Date "2025.10.13"]
[Round "1"]
[White "chessman"]
[Black "Richardlim"]
[Result "1-0"]
[WhiteElo "1977"]
[BlackElo "1859"]

1. e4 c5 2. Nf3 d6 3. Bb5+ Bd7 4. Bxd7+ Qxd7 5. O-O Nc6 6. Re1 O-O-O 7. d3 h6 8.
c3 g5 9. d4 cxd4 10. cxd4 Kb8 11. Nc3 g4 12. Nh4 h5 13. Be3 e6 14. g3 Be7 15.
Ng2 e5 16. d5 Nb4 17. a3 Na6 18. b4 Rc8 19. Rc1 h4 20. Re2 h3 21. Ne1 1-0